[Event "Titled Tuesday intern op 12th Jul Late"]
[Site "Chess.com INT"]
[Date "2022.07.12"]
[Round "6"]
[White "Al Zaabi, Sultan"]
[Black "Baches Garcia, Guillermo"]
[Result "1/2-1/2"]
[WhiteElo "2044"]
[BlackElo "2326"]
[PlyCount "156"]
[EventDate "2022.07.12"]
[EventType "swiss (blitz)"]
[EventRounds "11"]
[EventCountry "USA"]
[SourceTitle "EXT 2023"]
[Source "ChessBase"]
[SourceDate "2022.10.05"]
[SourceVersion "1"]
[SourceVersionDate "2022.10.05"]
[SourceQuality "1"]

1. d4 Nf6 2. c4 e6 3. Nf3 d5 4. Nc3 c5 5. cxd5 Nxd5 6. e4 Nxc3 7. bxc3 cxd4 8. cxd4 Bb4+ 9. Bd2 Bxd2+ 10. Qxd2 0-0 11. Be2 b6 12. 0-0 Bb7 13. Qe3 Nd7 14. Rfd1 Rc8 15. a4 h6 16. Bf1 Nf6 17. Nd2 Qc7 18. Rab1 Rfd8 19. f3 Qc3 20. Qxc3 Rxc3 21. Nc4 Ba6 22. Ne5 Bxf1 23. Kxf1 Nd7 24. Nd3 Nb8 25. d5 Na6 26. Ne5 Nc5 27. Nc6 Rd7 28. a5 exd5 29. exd5 Nd3 30. axb6 axb6 31. Rxb6 Kh7 32. Rb5 Nf4 33. Rd4 Nxd5 34. Rbxd5 Rxd5 35. Rxd5 Rxc6 36. Rd2 g6 37. Kf2 h5 38. h4 Kg7 39. Kg3 Rc4 40. Re2 Ra4 41. Rd2 Kf6 42. Rd6+ Ke7 43. Rb6 Rc4 44. Rb7+ Kf6 45. Rb6+ Kg7 46. Rb7 Rc5 47. Rc7 Rf5 48. Rb7 Kf6 49. Rb6+ Kg7 50. Rb7 Rc5 51. Rd7 Rc6 52. Rd4 Re6 53. Rf4 f6 54. Rc4 g5 55. hxg5 fxg5 56. Rc5 Kg6 57. Ra5 Rb6 58. Rc5 h4+ 59. Kg4 Rb4+ 60. Kh3 Kh5 61. Rc8 Ra4 62. Rh8+ Kg6 63. Rg8+ Kf6 64. Rf8+ Kg7 65. Rf5 Kg6 66. Rb5 Rc4 67. Rb6+ Kh5 68. g3 hxg3 69. Kxg3 Rc1 70. Rb5 Rg1+ 71. Kf2 Ra1 72. f4 Ra2+ 73. Ke3 Ra3+ 74. Kd2 Ra2+ 75. Kc3 Ra3+ 76. Kd4 Rg3 77. fxg5 Rxg5 78. Rxg5+ Kxg5 1/2-1/2

[Event "Titled Tuesday intern op 12th Jul Late"]
[Site "Chess.com INT"]
[Date "2022.07.12"]
[Round "8"]
[White "Al Zaabi, Sultan"]
[Black "Trakru, Rohun"]
[Result "1-0"]
[WhiteElo "2044"]
[BlackElo "1952"]
[PlyCount "107"]
[EventDate "2022.07.12"]
[EventType "swiss (blitz)"]
[EventRounds "11"]
[EventCountry "USA"]
[SourceTitle "EXT 2023"]
[Source "ChessBase"]
[SourceDate "2022.10.05"]
[SourceVersion "1"]
[SourceVersionDate "2022.10.05"]
[SourceQuality "1"]

1. d4 d5 2. Nf3 e6 3. g3 b5 4. Bg2 Bb7 5. 0-0 Nf6 6. Nbd2 c5 7. dxc5 Bxc5 8. a4 a6 9. axb5 axb5 10. Rxa8 Bxa8 11. Nb3 Be7 12. Bf4 Nc6 13. Nbd4 b4 14. Nxc6 Bxc6 15. Nd4 Bd7 16. Nf3 0-0 17. b3 Qb6 18. Be3 Qb8 19. Bd4 Rc8 20. Ne5 Be8 21. Nd3 Qc7 22. Qa1 Qb7 23. Rc1 h6 24. c3 bxc3 25. Rxc3 Ra8 26. Qc1 Nd7 27. h4 Qb5 28. e4 Bf6 29. Bxf6 Nxf6 30. exd5 Nxd5 31. Rc8 Qb7 32. Rxa8 Qxa8 33. Nb4 Qb7 34. Nxd5 exd5 35. Qe3 Bc6 36. Qc3 Qb5 37. b4 Bd7 38. Qd4 Be6 39. Bf1 Qa4 40. Qc3 Qd1 41. Qd3 Qe1 42. b5 Bh3 43. b6 Bxf1 44. Qxf1 Qb4 45. Qa6 d4 46. b7 Kh7 47. Qa8 Qb1+ 48. Kh2 Qe4 49. b8Q Qe2 50. Qf4 d3 51. Qaf3 Qc2 52. Q4e4+ Kg8 53. Qfxd3 Qc5 54. Qd8+ 1-0

[Event "Titled Tuesday intern op 12th Jul Late"]
[Site "Chess.com INT"]
[Date "2022.07.12"]
[Round "5"]
[White "D'Arruda, Ricardo D"]
[Black "Al Zaabi, Sultan"]
[Result "1/2-1/2"]
[WhiteElo "2271"]
[BlackElo "2044"]
[PlyCount "125"]
[EventDate "2022.07.12"]
[EventType "swiss (blitz)"]
[EventRounds "11"]
[EventCountry "USA"]
[SourceTitle "EXT 2023"]
[Source "ChessBase"]
[SourceDate "2022.10.05"]
[SourceVersion "1"]
[SourceVersionDate "2022.10.05"]
[SourceQuality "1"]

1. Nf3 Nf6 2. d4 e6 3. c4 d5 4. e3 Be7 5. Nc3 0-0 6. Bd3 dxc4 7. Bxc4 c5 8. 0-0 cxd4 9. Nxd4 a6 10. e4 b5 11. Bb3 b4 12. Na4 Nxe4 13. Be3 Bb7 14. Qe2 Nd6 15. Nc5 Bd5 16. Rfd1 Bf6 17. Ndxe6 fxe6 18. Nxe6 Bxe6 19. Bxe6+ Kh8 20. Bc5 Be7 21. Qd2 Nc6 22. Bxd6 Bxd6 23. Qxd6 Qxd6 24. Rxd6 Ne5 25. Re1 Ng6 26. g3 a5 27. f4 Rfd8 28. Red1 Rxd6 29. Rxd6 Nf8 30. Bd5 Re8 31. Kf2 g6 32. Ra6 Nd7 33. Rxa5 Nf6 34. Bc4 Rc8 35. b3 Rd8 36. Ke3 Ng4+ 37. Ke2 Re8+ 38. Kf3 h5 39. h3 Re3+ 40. Kg2 Nf6 41. Re5 Rc3 42. Re2 h4 43. g4 Rg3+ 44. Kh2 Kg7 45. Rd2 Ne4 46. Rd3 Rxd3 47. Bxd3 Nc3 48. Kg2 Nxa2 49. Kf3 Nc3 50. Ke3 Nd5+ 51. Ke4 Nc3+ 52. Kd4 Nd1 53. Kc4 Ne3+ 54. Kxb4 Nd5+ 55. Kc5 Nxf4 56. Bf1 Ne6+ 57. Kd6 Kf6 58. b4 Nd4 59. b5 Nxb5+ 60. Bxb5 Kg5 61. Ke5 Kh6 62. Kf6 g5 63. Bd3 1/2-1/2

[Event "Titled Tuesday intern op 12th Jul Late"]
[Site "Chess.com INT"]
[Date "2022.07.12"]
[Round "7"]
[White "Jegorovas, Aleksandras"]
[Black "Al Zaabi, Sultan"]
[Result "0-1"]
[WhiteElo "2270"]
[BlackElo "2044"]
[PlyCount "62"]
[EventDate "2022.07.12"]
[EventType "swiss (blitz)"]
[EventRounds "11"]
[EventCountry "USA"]
[SourceTitle "EXT 2023"]
[Source "ChessBase"]
[SourceDate "2022.10.05"]
[SourceVersion "1"]
[SourceVersionDate "2022.10.05"]
[SourceQuality "1"]

1. Nf3 Nf6 2. c4 e6 3. g3 d5 4. d4 Bb4+ 5. Bd2 Bxd2+ 6. Qxd2 0-0 7. Bg2 dxc4 8. 0-0 Nbd7 9. Rc1 Nb6 10. Na3 Ne4 11. Qc2 Nd6 12. Ne5 f6 13. Nexc4 Ndxc4 14. Nxc4 Qxd4 15. Nxb6 Qxb6 16. Qxc7 Rf7 17. Qxb6 axb6 18. a3 Bd7 19. Rc7 Bc6 20. Rxf7 Kxf7 21. Rc1 Ke7 22. Bxc6 Rc8 23. Kg2 bxc6 24. Kf3 c5 25. b4 Kd6 26. Ke4 Kc6 27. Rd1 Kb5 28. Rd6 c4 29. Rd2 c3 30. Rc2 Kc4 31. Rc1 Kb3 0-1

[Event "UAE President Cup"]
[Site "Ajman"]
[Date "2019.01.06"]
[Round "6"]
[White "Al Zaabi, Sultan"]
[Black "Sultan, Ibrahim"]
[Result "1/2-1/2"]
[WhiteElo "2033"]
[BlackElo "2129"]
[PlyCount "125"]
[EventDate "2019.01.02"]
[EventType "swiss"]
[EventRounds "9"]
[EventCountry "UAE"]
[SourceTitle "CBM 188 Extra"]
[Source "ChessBase"]
[SourceDate "2019.02.26"]
[SourceVersion "1"]
[SourceVersionDate "2019.02.26"]
[SourceQuality "1"]

1. d4 Nf6 2. Nf3 c5 3. e3 d5 4. c4 e6 5. Nc3 Nc6 6. Be2 a6 7. 0-0 dxc4 8. dxc5 Qxd1 9. Rxd1 Bxc5 10. Bxc4 b5 11. Be2 Bb7 12. b3 0-0 13. Bb2 Rac8 14. Rac1 Ba7 15. Nd2 Ne7 16. Bf3 Bxf3 17. Nxf3 Ned5 18. Ne5 Nxe3 19. fxe3 Bxe3+ 20. Kf1 Bxc1 21. Rxc1 b4 22. Na4 Rxc1+ 23. Bxc1 Rc8 24. Nc4 Nd5 25. Bd2 f6 26. Ke2 e5 27. g3 Kf8 28. Kd1 Rc6 29. Ne3 Nxe3+ 30. Bxe3 f5 31. Bc5+ Kf7 32. Bxb4 f4 33. Bc3 fxg3 34. hxg3 Ke6 35. Ke2 Kd5 36. Ke3 g5 37. Bd2 g4 38. Nc3+ Ke6 39. Ne4 h5 40. b4 Kd5 41. a4 Rg6 42. Be1 Kc4 43. a5 Re6 44. Bc3 Rc6 45. Be1 Re6 46. Bc3 Rc6 47. Be1 Rg6 48. Nf2 Rf6 49. Ne4 Rf3+ 50. Ke2 Kd4 51. Nc5 Rf6 52. Bc3+ Kxc3 53. Ne4+ Kxb4 54. Nxf6 Kxa5 55. Nxh5 Kb4 56. Nf6 Kc3 57. Nxg4 Kd4 58. Nf6 a5 59. Kd2 a4 60. g4 e4 61. Nxe4 Kxe4 62. Ke2 Kd4 63. Kd2 1/2-1/2

[Event "UAE President Cup"]
[Site "Ajman"]
[Date "2019.01.05"]
[Round "5"]
[White "Saeed, Ishaq"]
[Black "Al Zaabi, Sultan"]
[Result "1-0"]
[WhiteElo "2422"]
[BlackElo "2033"]
[PlyCount "69"]
[EventDate "2019.01.02"]
[EventType "swiss"]
[EventRounds "9"]
[EventCountry "UAE"]
[SourceTitle "CBM 188 Extra"]
[Source "ChessBase"]
[SourceDate "2019.02.26"]
[SourceVersion "1"]
[SourceVersionDate "2019.02.26"]
[SourceQuality "1"]

1. Nf3 Nf6 2. g3 g6 3. Bg2 d5 4. 0-0 Bg7 5. d3 0-0 6. Nbd2 Nc6 7. c3 e5 8. Qc2 h6 9. e4 Re8 10. b4 a6 11. a3 Be6 12. Re1 Qd7 13. Bb2 Rad8 14. Rad1 dxe4 15. dxe4 Qe7 16. a4 Nd7 17. Nb3 Bxb3 18. Qxb3 Qe6 19. Qxe6 Rxe6 20. Bh3 Rd6 21. b5 axb5 22. axb5 Ncb8 23. Ba3 Rxd1 24. Rxd1 Re8 25. Bxd7 Rd8 26. Nxe5 Bxe5 27. Bg4 Rxd1+ 28. Bxd1 Bxc3 29. Bg4 Kg7 30. f4 g5 31. Kf2 Kg8 32. Ke3 Bg7 33. Be7 Bf8 34. Bd8 gxf4+ 35. Kxf4 1-0

[Event "UAE President Cup"]
[Site "Ajman"]
[Date "2019.01.03"]
[Round "2"]
[White "Ahmed Eissa, Al Madhaani"]
[Black "Al Zaabi, Sultan"]
[Result "0-1"]
[WhiteElo "1319"]
[BlackElo "2033"]
[PlyCount "62"]
[EventDate "2019.01.02"]
[EventType "swiss"]
[EventRounds "9"]
[EventCountry "UAE"]
[SourceTitle "CBM 188 Extra"]
[Source "ChessBase"]
[SourceDate "2019.02.26"]
[SourceVersion "1"]
[SourceVersionDate "2019.02.26"]
[SourceQuality "1"]

1. e4 e5 2. Nf3 Nc6 3. Nc3 Nf6 4. Bc4 Bc5 5. h3 0-0 6. 0-0 d6 7. d3 Na5 8. Bb3 Nxb3 9. axb3 c6 10. Bd2 Bb6 11. Qe2 h6 12. b4 Bd7 13. Nd1 Bc7 14. Ne3 d5 15. Nf5 Bxf5 16. exf5 Re8 17. Rfe1 Qd7 18. g4 e4 19. dxe4 dxe4 20. Nh2 Qd6 21. Nf1 Nd5 22. Qc4 Nf4 23. Bxf4 Qxf4 24. Ng3 Bb6 25. Re2 Qxg3+ 26. Kf1 Qxh3+ 27. Ke1 Rad8 28. Rd2 Qh1+ 29. Ke2 Rxd2+ 30. Kxd2 Qxa1 31. b3 Rd8+ 0-1

[Event "Abu Dhabi op 25th"]
[Site "Abu Dhabi"]
[Date "2018.08.11"]
[Round "4"]
[White "Isha, Sharma"]
[Black "Al Zaabi, Sultan"]
[Result "1-0"]
[WhiteElo "2145"]
[BlackElo "1945"]
[PlyCount "48"]
[EventDate "2018.08.07"]
[EventType "swiss"]
[EventRounds "9"]
[EventCountry "UAE"]
[SourceTitle "CBM 185 Extra"]
[Source "ChessBase"]
[SourceDate "2018.07.29"]
[SourceVersion "1"]
[SourceVersionDate "2018.07.29"]
[SourceQuality "1"]

1. e4 c6 2. d4 d5 3. Nd2 dxe4 4. Nxe4 Bf5 5. Ng3 Bg6 6. Bc4 e6 7. Nh3 h6 8. Nf4 Bh7 9. 0-0 Nf6 10. Ngh5 Nbd7 11. Re1 Nxh5 12. Nxe6 Qh4 13. g3 Qf6 14. Nxg7+ Kd8 15. Re8+ Kc7 16. Nxh5 Rxe8 17. Nxf6 Nxf6 18. Bxf7 Rd8 19. Qf3 Nd5 20. c4 Nb6 21. Qf6 Bb4 22. Bf4+ Kc8 23. Be6+ Nd7 24. Qe5 Bf8 1-0

[Event "Abu Dhabi op 25th"]
[Site "Abu Dhabi"]
[Date "2018.08.09"]
[Round "3"]
[White "Al Zaabi, Sultan"]
[Black "Ajay, Karthikeyan"]
[Result "0-1"]
[WhiteElo "1945"]
[BlackElo "2156"]
[PlyCount "68"]
[EventDate "2018.08.07"]
[EventType "swiss"]
[EventRounds "9"]
[EventCountry "UAE"]
[SourceTitle "CBM 185 Extra"]
[Source "ChessBase"]
[SourceDate "2018.07.29"]
[SourceVersion "1"]
[SourceVersionDate "2018.07.29"]
[SourceQuality "1"]

1. d4 Nf6 2. Bf4 g6 3. Nc3 d6 4. e4 c6 5. Qd2 b5 6. f3 Nbd7 7. g4 e5 8. dxe5 dxe5 9. Be3 Be7 10. 0-0-0 b4 11. Nce2 Qa5 12. Kb1 Nb6 13. Nc1 Be6 14. Nb3 Qa4 15. Bg5 0-0 16. Ne2 c5 17. Nec1 Rac8 18. Qe3 Nbd7 19. Nd2 Nb6 20. Ndb3 c4 21. Bxf6 Bxf6 22. Nc5 Bg5 23. Nxa4 Bxe3 24. Nxb6 axb6 25. c3 bxc3 26. bxc3 Ra8 27. Kb2 Ra5 28. Ne2 Rfa8 29. Ra1 Rd8 30. a4 Rd2+ 31. Kb1 b5 32. Nc1 bxa4 33. Ra2 Rb5+ 34. Ka1 Rd1 0-1

[Event "Abu Dhabi op 25th"]
[Site "Abu Dhabi"]
[Date "2018.08.07"]
[Round "1"]
[White "Al Zaabi, Sultan"]
[Black "Saravana, Krishnan P"]
[Result "0-1"]
[WhiteElo "1945"]
[BlackElo "2348"]
[PlyCount "60"]
[EventDate "2018.08.07"]
[EventType "swiss"]
[EventRounds "9"]
[EventCountry "UAE"]
[SourceTitle "CBM 185 Extra"]
[Source "ChessBase"]
[SourceDate "2018.07.29"]
[SourceVersion "1"]
[SourceVersionDate "2018.07.29"]
[SourceQuality "1"]

1. Nf3 Nf6 2. d4 d5 3. g3 c6 4. Bg2 Bf5 5. 0-0 h6 6. c4 e6 7. Qb3 Qb6 8. c5 Qxb3 9. axb3 Na6 10. Bf4 Nd7 11. Nc3 g5 12. Be3 Be7 13. Ra4 Nc7 14. b4 0-0 15. Rfa1 a6 16. h4 f6 17. Nd2 Kh7 18. hxg5 hxg5 19. f4 gxf4 20. gxf4 Bc2 21. R4a3 f5 22. Nf3 Nf6 23. Ne5 Rg8 24. Bf2 Nh5 25. e3 Nb5 26. Nxb5 Be4 27. Nc7 Rxg2+ 28. Kf1 Rag8 29. Nxe6 Ng3+ 30. Ke1 Nh1 0-1

[Event "Al Ain U20 op 1st"]
[Site "Al Ain"]
[Date "2018.01.04"]
[Round "8"]
[White "Al Zaabi, Sultan"]
[Black "Garayev, Kanan Farzali Oglu"]
[Result "0-1"]
[WhiteElo "1875"]
[BlackElo "2260"]
[PlyCount "62"]
[EventDate "2017.12.30"]
[EventType "swiss"]
[EventRounds "9"]
[EventCountry "UAE"]
[SourceTitle "CBM 182 Extra"]
[Source "ChessBase"]
[SourceDate "2018.02.23"]
[SourceVersion "1"]
[SourceVersionDate "2018.02.23"]
[SourceQuality "1"]

1. d4 Nf6 2. Nf3 g6 3. g3 Bg7 4. Bg2 d6 5. 0-0 0-0 6. b3 c5 7. Bb2 cxd4 8. Nxd4 d5 9. c4 e5 10. Nf3 e4 11. Nd4 Nc6 12. cxd5 Qxd5 13. Na3 Bg4 14. Nxc6 Qxc6 15. Nc4 Rfd8 16. Qe1 Qa6 17. h3 Be6 18. Qb4 Nd5 19. Qe1 Bxb2 20. Nxb2 Rac8 21. Nc4 b5 22. Qa5 Qxa5 23. Nxa5 Nc3 24. e3 f5 25. Rfe1 Rd2 26. a4 b4 27. Bf1 Rb2 28. Ba6 Rd8 29. Nc6 Rd6 30. Bb7 Rdd2 31. Nd4 Bxb3 0-1

[Event "Al Ain U20 op 1st"]
[Site "Al Ain"]
[Date "2018.01.03"]
[Round "6"]
[White "Al Zaabi, Sultan"]
[Black "Ahmed, Fareed"]
[Result "0-1"]
[WhiteElo "1875"]
[BlackElo "1997"]
[PlyCount "72"]
[EventDate "2017.12.30"]
[EventType "swiss"]
[EventRounds "9"]
[EventCountry "UAE"]
[SourceTitle "CBM 182 Extra"]
[Source "ChessBase"]
[SourceDate "2018.02.23"]
[SourceVersion "1"]
[SourceVersionDate "2018.02.23"]
[SourceQuality "1"]

1. d4 Nf6 2. Nf3 e6 3. c4 Bb4+ 4. Nbd2 b6 5. a3 Bxd2+ 6. Qxd2 Bb7 7. e3 0-0 8. Be2 d6 9. 0-0 Nbd7 10. b4 Qe7 11. Rd1 e5 12. d5 a5 13. Bb2 axb4 14. axb4 b5 15. Qc2 bxc4 16. Bxc4 Nb6 17. e4 Nh5 18. Ra5 f5 19. Nxe5 fxe4 20. Nc6 Qg5 21. Rxa8 Bxa8 22. Bc1 Nf4 23. Bxf4 Qxf4 24. Bb3 e3 25. Rf1 Bxc6 26. dxc6+ d5 27. Qe2 exf2+ 28. Rxf2 Qc1+ 29. Qf1 Qe3 30. Bd1 Rxf2 31. Qxf2 Qc1 32. Qc2 Qe3+ 33. Qf2 Qe4 34. b5 Nc4 35. Qf3 Qd4+ 36. Qf2 Qxd1+ 0-1

[Event "Abu Dhabi President Cup"]
[Site "Abu Dhabi"]
[Date "2017.12.26"]
[Round "6"]
[White "Al Hosani, Omran"]
[Black "Al Zaabi, Sultan"]
[Result "1-0"]
[WhiteElo "2116"]
[BlackElo "1875"]
[PlyCount "63"]
[EventDate "2017.12.22"]
[EventType "swiss"]
[EventRounds "9"]
[EventCountry "UAE"]
[SourceTitle "CBM 182 Extra"]
[Source "ChessBase"]
[SourceDate "2018.02.23"]
[SourceVersion "1"]
[SourceVersionDate "2018.02.23"]
[SourceQuality "1"]

1. Nf3 g6 2. e4 Bg7 3. d4 d6 4. Bd3 Nd7 5. Qe2 e5 6. c3 c6 7. 0-0 Ngf6 8. Rd1 0-0 9. Bc4 Qe7 10. Nbd2 exd4 11. cxd4 d5 12. exd5 Qxe2 13. Bxe2 cxd5 14. Nf1 Re8 15. Bb5 a6 16. Ba4 b5 17. Bb3 Bb7 18. Bf4 Rac8 19. a4 b4 20. a5 Re2 21. Rd2 Rxd2 22. Bxd2 Bf8 23. Ne3 Nb8 24. Ne5 Kg7 25. Nd3 Nc6 26. Nc2 Re8 27. Kf1 Bc8 28. Ba4 Bd7 29. Ndxb4 Bxb4 30. Nxb4 Nxd4 31. Bxd7 Nxd7 32. Bc3 1-0

[Event "Abu Dhabi President Cup"]
[Site "Abu Dhabi"]
[Date "2017.12.23"]
[Round "2"]
[White "Salem, Ahmed Salem"]
[Black "Al Zaabi, Sultan"]
[Result "1/2-1/2"]
[WhiteElo "1730"]
[BlackElo "1875"]
[PlyCount "97"]
[EventDate "2017.12.22"]
[EventType "swiss"]
[EventRounds "9"]
[EventCountry "UAE"]
[SourceTitle "CBM 182 Extra"]
[Source "ChessBase"]
[SourceDate "2018.02.23"]
[SourceVersion "1"]
[SourceVersionDate "2018.02.23"]
[SourceQuality "1"]

1. e4 e5 2. Nf3 Nc6 3. Bc4 Nf6 4. d3 Be7 5. 0-0 0-0 6. Re1 d6 7. c3 Kh8 8. Nbd2 Ng8 9. Nf1 f5 10. exf5 Bxf5 11. h3 Qd7 12. Bb3 Rae8 13. Ng3 Bg6 14. a4 Nf6 15. a5 a6 16. Nh4 Bf7 17. Bxf7 Rxf7 18. Nf3 Nd8 19. d4 exd4 20. Nxd4 Bf8 21. Rxe8 Qxe8 22. Bg5 Ne6 23. Bxf6 Rxf6 24. Nf3 Nf4 25. Ra4 Qc6 26. Ne1 Rf7 27. Qb3 Qd7 28. Rd4 c6 29. Rd1 d5 30. Nd3 Nxd3 31. Rxd3 Bc5 32. Rd2 Qc7 33. Nf1 Qxa5 34. Re2 Qd8 35. Qc2 Qd7 36. b4 Bb6 37. c4 Kg8 38. cxd5 cxd5 39. Rd2 Qf5 40. Ne3 Bxe3 41. Qxf5 Rxf5 42. fxe3 Kf8 43. Rc2 Ke8 44. b5 a5 45. b6 Rf7 46. Rc5 Rd7 47. Rxa5 Rd6 48. Rc5 Rxb6 49. Rxd5 1/2-1/2

[Event "Abu Dhabi op 24th"]
[Site "Abu Dhabi"]
[Date "2017.08.19"]
[Round "6"]
[White "Al Zaabi, Sultan"]
[Black "Varshini, Veileven"]
[Result "1/2-1/2"]
[WhiteElo "1747"]
[BlackElo "2140"]
[PlyCount "67"]
[EventDate "2017.08.14"]
[EventType "swiss"]
[EventRounds "9"]
[EventCountry "UAE"]
[SourceTitle "CBM 180 Extra"]
[Source "ChessBase"]
[SourceDate "2017.10.06"]
[SourceVersion "1"]
[SourceVersionDate "2017.10.06"]
[SourceQuality "1"]

1. d4 d5 2. c4 e6 3. Nc3 Nf6 4. cxd5 exd5 5. Bg5 Be7 6. e3 c6 7. Bd3 Nbd7 8. Qc2 h6 9. Bh4 0-0 10. Nf3 Re8 11. 0-0-0 Ne4 12. Bxe4 Bxh4 13. Bh7+ Kh8 14. Bd3 Nf8 15. Ne5 Kg8 16. Rdg1 c5 17. f4 cxd4 18. exd4 Be6 19. g4 Bf6 20. h4 Bxe5 21. fxe5 g6 22. Qd2 Kg7 23. Nb5 Qb6 24. Qf4 Nd7 25. Nd6 Rh8 26. Bb5 Nf8 27. Qf6+ Kh7 28. Be8 Rxe8 29. Qg7+ Kxg7 30. Nxe8+ Kg8 31. Nf6+ Kg7 32. Ne8+ Kg8 33. Nf6+ Kg7 34. Ne8+ 1/2-1/2

[Event "Abu Dhabi op 24th"]
[Site "Abu Dhabi"]
[Date "2017.08.14"]
[Round "1"]
[White "Al Zaabi, Sultan"]
[Black "Hedman, Erik"]
[Result "0-1"]
[WhiteElo "1747"]
[BlackElo "2376"]
[PlyCount "54"]
[EventDate "2017.08.14"]
[EventType "swiss"]
[EventRounds "9"]
[EventCountry "UAE"]
[SourceTitle "CBM 180 Extra"]
[Source "ChessBase"]
[SourceDate "2017.10.06"]
[SourceVersion "1"]
[SourceVersionDate "2017.10.06"]
[SourceQuality "1"]

1. Nf3 c5 2. g3 Nc6 3. d4 cxd4 4. Nxd4 Nf6 5. Bg2 Qb6 6. Nb3 d5 7. 0-0 Bf5 8. Nc3 Rd8 9. Be3 Qc7 10. Nd4 Bc8 11. Ndb5 Qb8 12. Bxd5 Bh3 13. Re1 a6 14. Bxc6+ bxc6 15. Nd4 Qb7 16. Qc1 Rxd4 17. Bxd4 c5 18. f3 cxd4 19. Na4 e5 20. c3 Bd7 21. Qd1 dxc3 22. Nxc3 Bc5+ 23. Kg2 0-0 24. Rc1 Be3 25. Ra1 Qxb2 26. Qb3 Qxb3 27. axb3 Bd2 0-1

[Event "Wch U14"]
[Site "Porto Carras"]
[Date "2015.10.25"]
[Round "1"]
[White "Al Zaabi, Sultan"]
[Black "Kozak, Adam"]
[Result "0-1"]
[WhiteElo "1917"]
[BlackElo "2349"]
[PlyCount "71"]
[EventDate "2015.10.25"]
[EventType "swiss"]
[EventRounds "11"]
[EventCountry "GRE"]
[SourceTitle "CBM 169 Extra"]
[Source "ChessBase"]
[SourceDate "2015.12.18"]
[SourceVersion "1"]
[SourceVersionDate "2015.12.18"]
[SourceQuality "1"]

1. d4 Nf6 2. Nf3 d5 3. c4 e6 4. cxd5 exd5 5. Nc3 c6 6. Bg5 Be7 7. Qc2 g6 8. e3 Bf5 9. Bd3 Bxd3 10. Qxd3 0-0 11. h4 Nbd7 12. Ne5 Re8 13. f3 Nh5 14. Bxe7 Qxe7 15. Nxd7 Qxd7 16. 0-0-0 Ng3 17. Rh3 Qd6 18. e4 dxe4 19. Nxe4 Qf4+ 20. Qd2 Qxd2+ 21. Nxd2 Ne2+ 22. Kb1 Nxd4 23. Ne4 Red8 24. f4 Ne6 25. Rxd8+ Rxd8 26. Rf3 Rd1+ 27. Kc2 Rd4 28. Nf6+ Kg7 29. Ne8+ Kf8 30. Nf6 Kg7 31. Ne8+ Kf8 32. Nf6 Rxf4 33. Nxh7+ Kg7 34. Rxf4 Nxf4 35. Ng5 Nxg2 36. Nf3 0-1